Loading...
| History - World History | 0 | 5 | 0 | 1 | 50 | 64 | 91.00 | 1 | 3 |
| History - European History | 0 | 3 | 0 | 0 | 30 | 57 | 70.00 | 1 | 3 |
| Mythology | 0 | 3 | 1 | 2 | 25 | 100 | 118.00 | 0 | 0 |
| History - Other History | 0 | 2 | 0 | 2 | 20 | 78 | 99.50 | 0 | 1 |
| Pop Culture | 0 | 1 | 0 | 0 | 10 | 91 | 91.00 | 0 | 1 |
| Science - Biology | 0 | 1 | 0 | 0 | 10 | 82 | 82.00 | 0 | 0 |
| Science - Other Science | 0 | 1 | 0 | 0 | 10 | 63 | 63.00 | 0 | 0 |
| Literature - American Literature | 0 | 1 | 0 | 0 | 10 | 78 | 78.00 | 0 | 0 |
| Literature - European Literature | 0 | 1 | 0 | 0 | 10 | 84 | 84.00 | 0 | 0 |
| Literature - World/Other Literature | 0 | 1 | 0 | 0 | 10 | 74 | 74.00 | 0 | 1 |